[Event "20PCR_F"]
[Site "?"]
[Date "2009.??.??"]
[Round "?"]
[White "Jurci, Peter"]
[Black "Goc, Pavel"]
[Result "1/2-1/2"]
[WhiteElo "2119"]
[BlackElo "2012"]
[PlyCount "70"]
[EventDate "2009.??.??"]
[EventType "corr"]
[EventRounds "1"]
[SourceDate "2010.08.23"]

1. d4 Nf6 2. c4 e6 3. Nc3 Bb4 4. e3 c5 5. Bd3 Nc6 6. Nf3 Bxc3+ 7. bxc3 d6 8. e4
e5 9. d5 Ne7 10. Nh4 h6 11. f4 Ng6 12. Nxg6 fxg6 13. O-O O-O 14. Qe1 exf4 15.
Bxf4 Nh5 16. Bd2 Rxf1+ 17. Qxf1 Qe8 18. Qf3 g5 19. Re1 Nf6 20. Qg3 Qe5 21. Qxe5
dxe5 22. a4 Kf7 23. Be3 b6 24. a5 Ke7 25. Ra1 Rb8 26. axb6 axb6 27. Kf1 Kd6 28.
Ke1 Bb7 29. Ra7 Kc7 30. Ra2 Ra8 31. Rxa8 Bxa8 32. Kd2 Bb7 33. Bg1 Bc8 34. Ke2
Kd6 35. Bf2 Nh5 1/2-1/2

[Event "20PCR_F"]
[Site "?"]
[Date "2009.??.??"]
[Round "?"]
[White "Ryska, Jiri"]
[Black "Benes, Jiri"]
[Result "1/2-1/2"]
[WhiteElo "2104"]
[BlackElo "2040"]
[PlyCount "79"]
[EventDate "2009.??.??"]
[EventType "corr"]
[EventRounds "1"]
[SourceDate "2010.08.23"]

1. d4 d5 2. Nf3 Nf6 3. Bf4 c5 4. e3 Nc6 5. Nc3 Nh5 6. Bg5 h6 7. Bh4 g5 8. Ne5
cxd4 9. exd4 Nf4 10. Bg3 Bg7 11. Bxf4 gxf4 12. Bb5 Bxe5 13. dxe5 d4 14. Bxc6+
bxc6 15. Ne2 Rb8 16. Qxd4 Qxd4 17. Nxd4 Rxb2 18. Kd2 Rg8 19. g3 Rg4 20. Kc3 Rb6
21. f3 Rg6 22. Rhg1 c5 23. Nb3 fxg3 24. Rxg3 Rbe6 25. Re1 Ra6 26. Nxc5 Ra3+ 27.
Nb3 Rxa2 28. Nd4 Ra5 29. Rxg6 fxg6 30. Kb4 Rd5 31. c3 a5+ 32. Kc4 e6 33. f4
Ba6+ 34. Kb3 Rc5 35. Rg1 Kf7 36. h4 Bd3 37. Rg3 Bc4+ 38. Ka3 Bd5 39. Ka4 Be4
40. Re3 1/2-1/2

[Event "20PCR_F"]
[Site "?"]
[Date "2009.??.??"]
[Round "?"]
[White "Sindelar, Frantisek"]
[Black "Kyzlink, Vladimir"]
[Result "1-0"]
[WhiteElo "2077"]
[BlackElo "2058"]
[PlyCount "95"]
[EventDate "2009.??.??"]
[EventType "corr"]
[EventRounds "1"]
[SourceDate "2010.08.23"]

1. d4 Nf6 2. c4 c5 3. d5 e5 4. Nc3 d6 5. e4 Be7 6. Nf3 O-O 7. Be2 Nbd7 8. O-O
a6 9. a3 Re8 10. Qd3 b6 11. Nh4 Nf8 12. Nf5 Ng6 13. Qf3 Bb7 14. Bd1 Bc8 15. Ba4
Bd7 16. Bc6 Ra7 17. Rd1 Rc7 18. b4 Bxc6 19. dxc6 Rxc6 20. b5 axb5 21. cxb5 Rc7
22. Bg5 Rd7 23. Nxe7+ Nxe7 24. Bxf6 gxf6 25. Qxf6 Nc8 26. Nd5 Re6 27. Qxd8+
Rxd8 28. a4 Kg7 29. Rdb1 Rd7 30. a5 bxa5 31. b6 Rb7 32. Rxa5 Re8 33. Ra8 Kg6
34. g4 f6 35. Rba1 Kf7 36. R1a6 Rf8 37. Kf1 Ke6 38. R6a7 Nxa7 39. Rxf8 Nb5 40.
Ke2 Kd7 41. Kd3 Kc6 42. Rxf6 Na3 43. Rf8 Nb5 44. h4 Nd4 45. Kc4 Ne6 46. Rf6 Nd4
47. g5 Rg7 48. h5 1-0

[Event "20PCR_F"]
[Site "?"]
[Date "2009.??.??"]
[Round "?"]
[White "Benes, Jiri"]
[Black "Sindelar, Frantisek"]
[Result "1-0"]
[WhiteElo "2040"]
[BlackElo "2077"]
[PlyCount "49"]
[EventDate "2009.??.??"]
[EventType "corr"]
[EventRounds "1"]
[SourceDate "2010.08.23"]

1. e4 e6 2. d4 d5 3. exd5 exd5 4. Nf3 Nf6 5. Bb5+ c6 6. Bd3 Be7 7. h3 O-O 8.
O-O Re8 9. Re1 Nbd7 10. Nc3 Nf8 11. Bf4 Ne6 12. Bh2 Bd6 13. Be5 Nf4 14. Qd2
Nxd3 15. cxd3 Be7 16. Re3 Nd7 17. Bg3 Nf8 18. Rae1 Ne6 19. Ne2 a5 20. a3 a4 21.
Nf4 Qb6 22. Bh4 Bf8 23. Nh5 Qa5 24. Qc1 Qc7 25. Ne5 1-0

[Event "20PCR_F"]
[Site "?"]
[Date "2009.??.??"]
[Round "?"]
[White "Goc, Pavel"]
[Black "Ryska, Jiri"]
[Result "0-1"]
[WhiteElo "2012"]
[BlackElo "2104"]
[PlyCount "64"]
[EventDate "2009.??.??"]
[EventType "corr"]
[EventRounds "1"]
[SourceDate "2010.08.23"]

1. d4 Nf6 2. Nf3 d5 3. e3 Nc6 4. Bb5 Bd7 5. O-O a6 6. Bd3 Bg4 7. Nbd2 e5 8.
dxe5 Nxe5 9. h3 Nxf3+ 10. Nxf3 Bh5 11. b3 Bb4 12. Bb2 Ne4 13. g4 Bg6 14. Bxg7
Rg8 15. Be5 h5 16. Nh2 hxg4 17. Nxg4 Qh4 18. Bxe4 Bxe4 19. Kh2 O-O-O 20. Bf6
Qh7 21. Rg1 Rde8 22. c4 Bd6+ 23. f4 Rg6 24. Be5 Reg8 25. Bxd6 f5 26. Be5 Rxg4
27. Rxg4 fxg4 28. Qf1 g3+ 29. Kg1 g2 30. Qc1 Qxh3 31. cxd5 Qh1+ 32. Kf2 g1=Q+
0-1

[Event "20PCR_F"]
[Site "?"]
[Date "2009.??.??"]
[Round "?"]
[White "Svoboda, Josef"]
[Black "Jurci, Peter"]
[Result "0-1"]
[WhiteElo "1940"]
[BlackElo "2119"]
[PlyCount "68"]
[EventDate "2009.??.??"]
[EventType "corr"]
[EventRounds "1"]
[SourceDate "2010.08.23"]

1. e4 e6 2. d4 d5 3. Nc3 Bb4 4. e5 c5 5. a3 Bxc3+ 6. bxc3 Ne7 7. Qg4 O-O 8. Bd3
Nbc6 9. Qh3 Ng6 10. Nf3 c4 11. Bxg6 fxg6 12. Bd2 Bd7 13. Rb1 Rb8 14. O-O b5 15.
Ng5 h6 16. Nf3 Qe7 17. Nh4 Be8 18. f4 Rb6 19. Ra1 Qf7 20. g3 a5 21. Rab1 Bd7
22. Qg4 Kh7 23. Kh1 Rfb8 24. h3 b4 25. axb4 axb4 26. cxb4 Nxd4 27. c3 Nb3 28.
Be3 d4 29. Bxd4 Nxd4 30. cxd4 Bc6+ 31. Kg1 Rxb4 32. Rxb4 Rxb4 33. Rc1 Rb2 34.
Rxc4 Qa7 0-1

[Event "20PCR_F"]
[Site "?"]
[Date "2009.??.??"]
[Round "?"]
[White "Slavik, Miroslav"]
[Black "Urban, Miroslav"]
[Result "1/2-1/2"]
[WhiteElo "2274"]
[BlackElo "2122"]
[PlyCount "79"]
[EventDate "2009.??.??"]
[EventType "corr"]
[EventRounds "1"]
[SourceDate "2010.08.23"]

1. d4 d5 2. Nf3 Nf6 3. e3 e6 4. Bd3 c5 5. O-O Nc6 6. c3 Bd6 7. Nbd2 O-O 8. dxc5
Bxc5 9. e4 b6 10. h3 Qc7 11. Re1 Rd8 12. Qe2 Nh5 13. Nf1 dxe4 14. Bxe4 Nf6 15.
Bf4 Bd6 16. Bxc6 Qxc6 17. Nd4 Qc5 18. b4 Qh5 19. Qxh5 Nxh5 20. Bxd6 Rxd6 21.
Ne3 Nf4 22. a4 Bb7 23. a5 Rdd8 24. Red1 e5 25. Nb5 bxa5 26. bxa5 Nd3 27. Rab1
e4 28. Nf5 Rd7 29. Nbd6 Bc6 30. f3 g6 31. fxe4 Nc5 32. Ne3 Bxe4 33. Rb5 Rad8
34. Rxc5 Rxd6 35. Rxd6 Rxd6 36. g4 h6 37. h4 Rc6 38. Rxc6 Bxc6 39. Kf2 Kg7 40.
h5 1/2-1/2

[Event "20PCR_F"]
[Site "?"]
[Date "2009.??.??"]
[Round "?"]
[White "Chvojka, Jaroslav"]
[Black "Houdek, Vladimir"]
[Result "1/2-1/2"]
[WhiteElo "2231"]
[BlackElo "2131"]
[PlyCount "84"]
[EventDate "2009.??.??"]
[EventType "corr"]
[EventRounds "1"]
[SourceDate "2010.08.23"]

1. d4 d5 2. c4 dxc4 3. e3 e6 4. Bxc4 Nf6 5. Nf3 c5 6. Nc3 a6 7. Bd3 Nc6 8. O-O
cxd4 9. exd4 Be7 10. Be3 O-O 11. Rc1 Nb4 12. Ne5 b6 13. Be2 Bb7 14. Bf3 Bxf3
15. Qxf3 Rc8 16. Qg3 Nh5 17. Qf3 Nf6 18. h3 h6 19. Rfe1 Nbd5 20. Nc6 Rxc6 21.
Nxd5 Rxc1 22. Nxe7+ Qxe7 23. Rxc1 Nd5 24. Qg4 Kh8 25. Bd2 Qd7 26. b3 Rc8 27.
Rc4 b5 28. Rc5 b4 29. Qf3 Rxc5 30. dxc5 Qa7 31. Be3 Qc7 32. Qe4 Kg8 33. Bd4 Qc6
34. h4 f6 35. f3 Kf7 36. h5 Qd7 37. Qg6+ Kf8 38. Qc2 Qc6 39. Qe4 e5 40. Be3 Qd7
41. Bf2 Kf7 42. Qd3 Qe6 1/2-1/2

[Event "20PCR_F"]
[Site "?"]
[Date "2009.??.??"]
[Round "?"]
[White "Trs, Jan"]
[Black "Fejfar, Vlastimil"]
[Result "1-0"]
[WhiteElo "2162"]
[BlackElo "2133"]
[PlyCount "51"]
[EventDate "2009.??.??"]
[EventType "corr"]
[EventRounds "1"]
[SourceDate "2010.08.23"]

1. c4 Nf6 2. Nc3 e5 3. Nf3 Nc6 4. g3 d5 5. cxd5 Nxd5 6. Bg2 Nxc3 7. bxc3 e4 8.
Ng1 f5 9. f3 e3 10. Nh3 Bc5 11. d3 Bb6 12. O-O Qe7 13. d4 g5 14. Qd3 f4 15.
gxf4 Bxh3 16. Bxh3 gxf4 17. Kh1 O-O 18. d5 Ne5 19. Qe4 Qf6 20. Bb2 Ng6 21. Be6+
Kg7 22. Rab1 Kh6 23. Rg1 Bc5 24. c4 Qe7 25. Rg4 Bd6 26. h4 1-0

[Event "20PCR_F"]
[Site "?"]
[Date "2009.??.??"]
[Round "?"]
[White "Houdek, Vladimir"]
[Black "Trs, Jan"]
[Result "1/2-1/2"]
[WhiteElo "2131"]
[BlackElo "2162"]
[PlyCount "65"]
[EventDate "2009.??.??"]
[EventType "corr"]
[EventRounds "1"]
[SourceDate "2010.08.23"]

1. Nf3 Nf6 2. b3 d5 3. Bb2 e6 4. e3 Be7 5. d4 b6 6. Bd3 Bb7 7. O-O O-O 8. Nbd2
Nbd7 9. c4 c5 10. Rc1 Rc8 11. Qe2 Rc7 12. cxd5 Nxd5 13. a3 cxd4 14. Rxc7 Qxc7
15. Rc1 Qb8 16. Nxd4 Rd8 17. b4 Ne5 18. Be4 Bf6 19. b5 Rc8 20. Qd1 g6 21. h3
Bg7 22. Rxc8+ Qxc8 23. Qa1 Nd7 24. N4f3 Bxb2 25. Qxb2 Qc7 26. Bxd5 Bxd5 27. e4
Ba8 28. Nh2 f6 29. Ng4 Kg7 30. Qb4 Nc5 31. Qc3 e5 32. Qe3 Qe7 33. f3 1/2-1/2

[Event "20PCR_F"]
[Site "?"]
[Date "2009.??.??"]
[Round "?"]
[White "Urban, Miroslav"]
[Black "Chvojka, Jaroslav"]
[Result "1-0"]
[WhiteElo "2122"]
[BlackElo "2231"]
[PlyCount "57"]
[EventDate "2009.??.??"]
[EventType "corr"]
[EventRounds "1"]
[SourceDate "2010.08.23"]

1. c4 e5 2. Nc3 Nc6 3. Nf3 Nf6 4. e4 h6 5. Be2 Bb4 6. d3 d6 7. O-O O-O 8. h3
Bc5 9. Be3 Re8 10. Qd2 a5 11. Bd1 Bd7 12. Rc1 Nh7 13. Na4 b6 14. Nh2 Nf6 15.
Nc3 Nd4 16. f4 Qe7 17. f5 Qd8 18. Nf3 a4 19. Qf2 Nc6 20. a3 Nb8 21. Bxc5 bxc5
22. g4 Bc6 23. Qh4 Nbd7 24. g5 hxg5 25. Nxg5 Nf8 26. Rc2 N6h7 27. Rg2 f6 28.
Nxh7 Nxh7 29. Bh5 1-0

[Event "20PCR_F"]
[Site "?"]
[Date "2009.??.??"]
[Round "?"]
[White "Jurci, Peter"]
[Black "Slavik, Miroslav"]
[Result "0-1"]
[WhiteElo "2119"]
[BlackElo "2274"]
[PlyCount "122"]
[EventDate "2009.??.??"]
[EventType "corr"]
[EventRounds "1"]
[SourceDate "2010.08.23"]

1. d4 Nf6 2. c4 e6 3. Nc3 d5 4. Nf3 c6 5. e3 Bd6 6. Bd3 Nbd7 7. O-O dxc4 8.
Bxc4 O-O 9. e4 e5 10. Bg5 Qe7 11. d5 Nb6 12. Bb3 h6 13. Bh4 cxd5 14. exd5 Bg4
15. Re1 Rfe8 16. h3 Bh5 17. g4 Bg6 18. Nxe5 Bxe5 19. f4 Qc5+ 20. Bf2 Qd6 21.
fxe5 Rxe5 22. Rxe5 Qxe5 23. Qd4 Qd6 24. Rd1 Re8 25. Nb5 Qd8 26. Nxa7 Nbd7 27.
d6 Ne4 28. Bd5 Ng5 29. Kg2 Re2 30. Kf1 Rc2 31. Bb3 Rc5 32. h4 Ne6 33. Qb4 Qf6
34. Bxe6 fxe6 35. Qxb7 Rc2 36. Qg2 Ne5 37. d7 Nxd7 38. g5 Qf7 39. Nb5 Ne5 40.
Nd4 Rxb2 41. gxh6 Nd3 42. Rxd3 Bxd3+ 43. Kg1 Be4 44. Qxg7+ Qxg7+ 45. hxg7 e5
46. Ne6 Rxa2 47. Be3 Bf5 48. Ng5 Re2 49. Bc5 Kxg7 50. Nf3 Kf7 51. Bf2 Kg6 52.
Kf1 Bd3 53. Kg2 Kh5 54. Nh2 Rb2 55. Kg3 Be2 56. Bc5 Rb5 57. Be3 e4 58. Bg5 Rb3+
59. Kg2 Bc4 60. Nf1 Bxf1+ 61. Kxf1 Rb2 0-1

[Event "20PCR_F"]
[Site "?"]
[Date "2009.??.??"]
[Round "?"]
[White "Ryska, Jiri"]
[Black "Svoboda, Josef"]
[Result "1-0"]
[WhiteElo "2104"]
[BlackElo "1940"]
[PlyCount "89"]
[EventDate "2009.??.??"]
[EventType "corr"]
[EventRounds "1"]
[SourceDate "2010.08.23"]

1. e4 e5 2. Nf3 Nc6 3. Bb5 a6 4. Ba4 Nf6 5. O-O Be7 6. Re1 b5 7. Bb3 O-O 8. c3
d6 9. d4 Bg4 10. Bc2 exd4 11. cxd4 Nb4 12. d5 c5 13. dxc6 Nxc6 14. h3 Bxf3 15.
Qxf3 Nd4 16. Qd3 Nxc2 17. Qxc2 Rc8 18. Qd3 d5 19. e5 Ne4 20. Be3 Nc5 21. Bxc5
Bxc5 22. Re2 Rc6 23. Nc3 d4 24. Ne4 Be7 25. Rd1 Qb6 26. Nd2 Rd8 27. Re4 Rcc8
28. Nf3 Qe6 29. Rxd4 Rxd4 30. Qxd4 Qxa2 31. Qd7 Qe6 32. Qb7 Rd8 33. Rxd8+ Bxd8
34. Qa8 Qe8 35. Nd4 Kf8 36. Nc6 Bc7 37. Qxa6 Bxe5 38. Qa3+ b4 39. Qxb4+ Kg8 40.
Nxe5 Qxe5 41. Qc3 Qe8 42. b4 f6 43. Qc4+ Kf8 44. Qc5+ Kf7 45. Qh5+ 1-0

[Event "20PCR_F"]
[Site "?"]
[Date "2009.??.??"]
[Round "?"]
[White "Sindelar, Frantisek"]
[Black "Goc, Pavel"]
[Result "1/2-1/2"]
[WhiteElo "2077"]
[BlackElo "2012"]
[PlyCount "54"]
[EventDate "2009.??.??"]
[EventType "corr"]
[EventRounds "1"]
[SourceDate "2010.08.23"]

1. d4 Nf6 2. c4 e6 3. Nf3 d5 4. Bg5 Be7 5. Nc3 O-O 6. e3 Nbd7 7. Bd3 c5 8. cxd5
exd5 9. O-O b6 10. Qa4 h6 11. Bf4 Bb7 12. Bf5 a6 13. Rfd1 b5 14. Qc2 b4 15. Ne2
c4 16. Rac1 a5 17. a3 bxa3 18. b3 Ba6 19. bxc4 Bxc4 20. Nc3 Bb4 21. Bg3 Rc8 22.
Ne5 Bb5 23. Qb3 Rxc3 24. Rxc3 Bxc3 25. Qxc3 Nxe5 26. dxe5 Nh5 27. Qxa3 Nxg3
1/2-1/2

[Event "20PCR_F"]
[Site "?"]
[Date "2009.??.??"]
[Round "?"]
[White "Kyzlink, Vladimir"]
[Black "Benes, Jiri"]
[Result "0-1"]
[WhiteElo "2058"]
[BlackElo "2040"]
[PlyCount "66"]
[EventDate "2009.??.??"]
[EventType "corr"]
[EventRounds "1"]
[SourceDate "2010.08.23"]

1. e4 e5 2. Nf3 Nf6 3. Nxe5 d6 4. Nf3 Nxe4 5. d4 d5 6. Bd3 Be7 7. O-O Nc6 8.
Re1 Bg4 9. c3 f5 10. Qb3 Qd6 11. Nfd2 O-O-O 12. Qc2 Bh4 13. Rf1 Bxf2+ 14. Rxf2
Nxf2 15. Kxf2 Qxh2 16. Bxf5+ Kb8 17. Bxg4 Qh4+ 18. Kg1 Qxg4 19. Nf3 Rhf8 20.
Nbd2 Rd6 21. Qd3 h5 22. Nf1 Rg6 23. Ne1 h4 24. Nh2 Qh5 25. Be3 h3 26. g4 Rxg4+
27. Nxg4 Qxg4+ 28. Kh1 Ne7 29. Rc1 Nf5 30. Bf2 Nd6 31. Rc2 Ne4 32. Bg1 g5 33.
b3 Rf1 0-1

[Event "20PCR_F"]
[Site "?"]
[Date "2009.??.??"]
[Round "?"]
[White "Goc, Pavel"]
[Black "Kyzlink, Vladimir"]
[Result "1-0"]
[WhiteElo "2012"]
[BlackElo "2058"]
[PlyCount "67"]
[EventDate "2009.??.??"]
[EventType "corr"]
[EventRounds "1"]
[SourceDate "2010.08.23"]

1. d4 Nf6 2. Nf3 b6 3. e3 Bb7 4. Bd3 e6 5. Nbd2 c5 6. O-O Be7 7. Re1 O-O 8. c3
Nc6 9. e4 cxd4 10. Nxd4 d5 11. e5 Nd7 12. Qh5 g6 13. Nxc6 Bxc6 14. Qg4 Nc5 15.
Bc2 Qc7 16. f4 Rac8 17. Nf3 Bb5 18. Re3 Rfd8 19. Nd4 Ba6 20. f5 exf5 21. Bxf5
Ra8 22. e6 Bd6 23. Rh3 Rf8 24. Bd2 Rfe8 25. Re1 fxe6 26. Bxg6 hxg6 27. Nf5 Re7
28. Qxg6+ Rg7 29. Nh6+ Kf8 30. Rf3+ Bf4 31. Qf6+ Ke8 32. Bxf4 Qe7 33. Qxe7+
Rxe7 34. Bd6 1-0

[Event "20PCR_F"]
[Site "?"]
[Date "2009.??.??"]
[Round "?"]
[White "Svoboda, Josef"]
[Black "Sindelar, Frantisek"]
[Result "0-1"]
[WhiteElo "1940"]
[BlackElo "2077"]
[PlyCount "50"]
[EventDate "2009.??.??"]
[EventType "corr"]
[EventRounds "1"]
[SourceDate "2010.08.23"]

1. d4 Nf6 2. c4 e6 3. Nf3 d5 4. Nc3 c6 5. Bg5 h6 6. Bxf6 Qxf6 7. cxd5 exd5 8.
e3 Bd6 9. Be2 O-O 10. O-O Bf5 11. Bd3 Nd7 12. Bxf5 Qxf5 13. Rc1 Nf6 14. Qb3
Rab8 15. Qa4 a6 16. b3 a5 17. Qxa5 Ra8 18. Qb6 Rfb8 19. Nb5 Be7 20. Qc7 Qe6 21.
Na7 Bd6 22. Qa5 b6 23. Qa4 c5 24. Ne5 Bxe5 25. dxe5 Ng4 0-1

[Event "20PCR_F"]
[Site "?"]
[Date "2009.??.??"]
[Round "?"]
[White "Slavik, Miroslav"]
[Black "Ryska, Jiri"]
[Result "0-1"]
[WhiteElo "2274"]
[BlackElo "2104"]
[PlyCount "80"]
[EventDate "2009.??.??"]
[EventType "corr"]
[EventRounds "1"]
[SourceDate "2010.08.23"]

1. d4 Nf6 2. c4 e6 3. Nf3 d5 4. e3 Be7 5. Nc3 O-O 6. cxd5 exd5 7. Bd3 c6 8. O-O
Re8 9. Qc2 Bg4 10. Ne5 Be6 11. h3 Nbd7 12. Nf3 h6 13. Ne2 Bd6 14. Nf4 Ne4 15.
Nxe6 Rxe6 16. Rd1 Qe7 17. Bd2 Re8 18. Be1 Rg6 19. Kh1 f5 20. a4 Rf8 21. Qb3
Ndf6 22. a5 a6 23. Rac1 Nh5 24. Rc2 Re6 25. g3 Rf7 26. Kg2 g5 27. Nh2 Ng7 28.
f3 Nf6 29. Bf2 g4 30. hxg4 fxg4 31. f4 h5 32. Bg6 Rf8 33. Nf1 Ne4 34. Bxe4 Rxe4
35. Nd2 h4 36. gxh4 Re6 37. Rg1 Nf5 38. Nf1 Kh8 39. Kh1 Rg8 40. Qd3 Qh7 0-1

[Event "20PCR_F"]
[Site "?"]
[Date "2009.??.??"]
[Round "?"]
[White "Chvojka, Jaroslav"]
[Black "Jurci, Peter"]
[Result "1/2-1/2"]
[WhiteElo "2231"]
[BlackElo "2119"]
[PlyCount "88"]
[EventDate "2009.??.??"]
[EventType "corr"]
[EventRounds "1"]
[SourceDate "2010.08.23"]

1. d4 Nf6 2. c4 g6 3. Nc3 Bg7 4. e4 d6 5. Nf3 O-O 6. Be2 e5 7. dxe5 dxe5 8.
Qxd8 Rxd8 9. Bg5 Re8 10. Nd5 Nxd5 11. cxd5 c6 12. Rd1 cxd5 13. exd5 h6 14. Be3
Rd8 15. O-O b6 16. Nd2 Na6 17. Ne4 Bb7 18. Nc3 Rac8 19. Rd2 f5 20. f3 Bf8 21.
Rfd1 f4 22. Bf2 Bb4 23. g3 g5 24. gxf4 gxf4 25. Rc2 Kf7 26. a3 Bxc3 27. Rxc3
Nc7 28. d6 Ne6 29. Rxc8 Bxc8 30. Bh4 Ng5 31. Kf2 Bb7 32. Bc4+ Kf6 33. Bf1 Bc6
34. Bh3 a5 35. Bg4 Ba4 36. Rd2 Bd7 37. Bh5 Bf5 38. Ke2 Ke6 39. Bf2 Rxd6 40.
Rxd6+ Kxd6 41. Bxb6 a4 42. Ba5 Ne6 43. Bb4+ Kd7 44. Bf7 Bc2 1/2-1/2

[Event "20PCR_F"]
[Site "?"]
[Date "2009.??.??"]
[Round "?"]
[White "Trs, Jan"]
[Black "Urban, Miroslav"]
[Result "1/2-1/2"]
[WhiteElo "2162"]
[BlackElo "2122"]
[PlyCount "113"]
[EventDate "2009.??.??"]
[EventType "corr"]
[EventRounds "1"]
[SourceDate "2010.08.23"]

1. d4 d5 2. c4 c6 3. Nf3 Nf6 4. Nc3 dxc4 5. a4 Bg4 6. Ne5 Bh5 7. f3 e6 8. g4
Nd5 9. e4 Qh4+ 10. Ke2 Nxc3+ 11. bxc3 Bg6 12. Rb1 b6 13. Bf4 Nd7 14. Qd2 Qd8
15. Nxc4 Be7 16. Nd6+ Bxd6 17. Bxd6 Nf8 18. Bg3 h5 19. g5 h4 20. Be5 f6 21.
gxf6 gxf6 22. Bf4 Bf7 23. Rg1 Ng6 24. Be3 Rh5 25. Ke1 Qc7 26. Qa2 Qe7 27. Qc4
Qd6 28. f4 Ra5 29. e5 Qd7 30. Be2 Ne7 31. exf6 Nd5 32. Bf2 Nxf4 33. Bf3 Rc8 34.
Rg7 Rf5 35. Be4 Rxf6 36. Bxh4 e5 37. Bxf6 Bxc4 38. Rxd7 Kxd7 39. Rd1 Bb3 40.
Bf5+ Be6 41. Bxe6+ Kxe6 42. Bxe5 Nd5 43. Kd2 Rf8 44. Bg3 Rf3 45. Re1+ Kd7 46.
Rc1 b5 47. axb5 cxb5 48. c4 bxc4 49. Rxc4 Ra3 50. Be5 a5 51. h4 Rh3 52. Rc5 Ke6
53. Rxa5 Rxh4 54. Ra6+ Kf5 55. Ra8 Rh3 56. Rd8 Ke4 57. Re8 1/2-1/2

[Event "20PCR_F"]
[Site "?"]
[Date "2009.??.??"]
[Round "?"]
[White "Fejfar, Vlastimil"]
[Black "Houdek, Vladimir"]
[Result "1/2-1/2"]
[WhiteElo "2133"]
[BlackElo "2131"]
[PlyCount "46"]
[EventDate "2009.??.??"]
[EventType "corr"]
[EventRounds "1"]
[SourceDate "2010.08.23"]

1. e4 e5 2. Nf3 Nc6 3. Bc4 Bc5 4. c3 Nf6 5. d4 exd4 6. cxd4 Bb4+ 7. Nc3 Nxe4 8.
O-O Bxc3 9. d5 Bf6 10. Re1 Ne7 11. Rxe4 d6 12. Bg5 Bxg5 13. Nxg5 O-O 14. Nxh7
Kxh7 15. Qh5+ Kg8 16. Rh4 f5 17. Qh7+ Kf7 18. Rh6 Rg8 19. Re1 Qf8 20. Bb5 Rh8
21. Qxh8 gxh6 22. Qh7+ Kf6 23. Rxe7 Qxe7 1/2-1/2

[Event "20PCR_F"]
[Site "?"]
[Date "2009.??.??"]
[Round "?"]
[White "Urban, Miroslav"]
[Black "Fejfar, Vlastimil"]
[Result "1-0"]
[WhiteElo "2122"]
[BlackElo "2133"]
[PlyCount "85"]
[EventDate "2009.??.??"]
[EventType "corr"]
[EventRounds "1"]
[SourceDate "2010.08.23"]

1. c4 e5 2. Nc3 Nf6 3. Nf3 Nc6 4. e4 Bb4 5. d3 O-O 6. Be2 d6 7. O-O Nd4 8. Nxd4
exd4 9. a3 Ba5 10. b4 Bb6 11. Na4 Bd7 12. e5 Bxa4 13. Qxa4 Qe7 14. Bf3 Qxe5 15.
Bxb7 Rae8 16. Bc6 Re6 17. h3 Rd8 18. Bf3 c5 19. Bd2 Qf5 20. Qc2 h5 21. b5 g5
22. Bc6 Bc7 23. Rae1 Kg7 24. a4 h4 25. f3 d5 26. cxd5 Nxd5 27. Rxe6 Qxe6 28.
Qxc5 Qe5 29. f4 Nxf4 30. Qxe5+ Bxe5 31. a5 Rd6 32. Bf3 Rf6 33. Bb4 Nxd3 34. Be7
Rh6 35. Bxg5 Rh8 36. Rb1 f6 37. Bd2 Rb8 38. b6 Nc5 39. b7 Bg3 40. Rb5 Na6 41.
Kf1 Nc7 42. Rc5 Be5 43. Be1 1-0

[Event "20PCR_F"]
[Site "?"]
[Date "2009.??.??"]
[Round "?"]
[White "Jurci, Peter"]
[Black "Trs, Jan"]
[Result "1-0"]
[WhiteElo "2119"]
[BlackElo "2162"]
[PlyCount "107"]
[EventDate "2009.??.??"]
[EventType "corr"]
[EventRounds "1"]
[SourceDate "2010.08.23"]

1. d4 Nf6 2. c4 g6 3. Nc3 Bg7 4. e4 d6 5. Nf3 O-O 6. Be2 e5 7. O-O Nc6 8. d5
Ne7 9. Ne1 Ne8 10. Be3 f5 11. f3 f4 12. Bf2 h5 13. c5 g5 14. a4 Kh8 15. a5 dxc5
16. Bxc5 Nd6 17. Nb5 Nxb5 18. Bxb5 Bf6 19. Rf2 Rg8 20. Rd2 Ng6 21. a6 b6 22.
Ba3 Bd7 23. Bxd7 Qxd7 24. Rc1 Rae8 25. Rdc2 Bd8 26. Rc6 Qh7 27. b4 g4 28. Bb2
Nh4 29. R1c2 Rg7 30. d6 Rd7 31. Rd2 Qg7 32. dxc7 Rxd2 33. Qxd2 Bxc7 34. Qxf4
Kh7 35. Qc1 Bd8 36. f4 Nf3+ 37. Nxf3 gxf3 38. Qc2 Qg4 39. Bxe5 b5 40. Bd4 Qxf4
41. Bxa7 Rg8 42. e5+ Kh8 43. g3 h4 44. Kf1 hxg3 45. hxg3 Rxg3 46. Qh2+ Bh4 47.
Bf2 Qe4 48. Bxg3 Qd3+ 49. Ke1 Qe4+ 50. Kd2 Qd4+ 51. Kc2 Qe4+ 52. Kb2 Qxb4+ 53.
Kc1 Qa3+ 54. Kd2 1-0

[Event "20PCR_F"]
[Site "?"]
[Date "2009.??.??"]
[Round "?"]
[White "Ryska, Jiri"]
[Black "Chvojka, Jaroslav"]
[Result "0-1"]
[WhiteElo "2104"]
[BlackElo "2231"]
[PlyCount "116"]
[EventDate "2009.??.??"]
[EventType "corr"]
[EventRounds "1"]
[SourceDate "2010.08.23"]

1. Nc3 d5 2. d4 Nf6 3. Bf4 g6 4. Nf3 Bg7 5. Qd2 O-O 6. h4 Ne4 7. Nxe4 dxe4 8.
Ne5 c5 9. e3 cxd4 10. exd4 Nc6 11. Nxc6 bxc6 12. c3 Qd5 13. h5 c5 14. hxg6 hxg6
15. Be5 f6 16. b3 Be6 17. Bc4 Qd7 18. d5 fxe5 19. dxe6 Qxd2+ 20. Kxd2 Rxf2+ 21.
Ke3 Rc2 22. Kxe4 Rxc3 23. Rhd1 Rg3 24. Rd7 Rg4+ 25. Kd5 Bf6 26. Kxc5 e4 27. Re1
e3 28. Re2 Bg5 29. Bd5 Rc8+ 30. Kb5 Kg7 31. a4 Rc1 32. Bf3 Rh4 33. Ka6 Rb4 34.
Rb7 Rd4 35. Kxa7 Rd2 36. Rb4 Rf1 37. Bg4 Rf2 38. Re1 Rxg2 39. Ka6 Rd8 40. Kb7
Rf8 41. Re4 Bf4 42. Bd1 Ra2 43. b4 g5 44. b5 Ra1 45. Rd4 Rb8+ 46. Ka6 Kf6 47.
Re2 Ke5 48. Rdd2 Ra8+ 49. Kb7 Rb8+ 50. Ka6 g4 51. Bb3 g3 52. b6 Ra8+ 53. Kb7
Rg8 54. Ka7 Rb1 55. Rd5+ Ke4 56. Rb5 Rxb3 57. Rxb3 g2 58. Rxg2 Rxg2 0-1

[Event "20PCR_F"]
[Site "?"]
[Date "2009.??.??"]
[Round "?"]
[White "Sindelar, Frantisek"]
[Black "Slavik, Miroslav"]
[Result "1-0"]
[WhiteElo "2077"]
[BlackElo "2274"]
[PlyCount "109"]
[EventDate "2009.??.??"]
[EventType "corr"]
[EventRounds "1"]
[SourceDate "2010.08.23"]

1. d4 Nf6 2. c4 e6 3. Nf3 d5 4. Bg5 dxc4 5. Nc3 c6 6. e4 Qa5 7. Bd2 b5 8. Nd5
Qd8 9. Nxf6+ Qxf6 10. b3 c5 11. bxc4 cxd4 12. cxb5 Nd7 13. Bd3 e5 14. O-O Bb7
15. Bg5 Qd6 16. Rc1 Nc5 17. Bc4 f6 18. Bd2 Nxe4 19. Qb3 Qe7 20. Be6 Nxd2 21.
Nxd2 Qb4 22. Qh3 Qe7 23. Rc2 d3 24. Rc4 g6 25. Rfc1 f5 26. Bc8 Bxc8 27. Rxc8+
Rxc8 28. Rxc8+ Kd7 29. Rc6 Qb4 30. Qxd3+ Bd6 31. Qd5 Ke7 32. Rc4 Qa5 33. g4 Qd8
34. Rc6 Re8 35. gxf5 gxf5 36. Nf3 Qd7 37. Nxe5 Bxe5 38. Qxe5+ Kf7 39. Rc7 Rxe5
40. Rxd7+ Ke6 41. Rxh7 Rxb5 42. Rxa7 Rb8 43. h3 Rg8+ 44. Kh2 Ke5 45. Ra4 f4 46.
Rb4 Rd8 47. a4 Rd3 48. Kg2 Ra3 49. Rb5+ Ke4 50. f3+ Ke3 51. Re5+ Kd3 52. h4
Rxa4 53. Kh3 Ra7 54. Kg4 Rh7 55. h5 1-0

[Event "20PCR_F"]
[Site "?"]
[Date "2009.??.??"]
[Round "?"]
[White "Kyzlink, Vladimir"]
[Black "Svoboda, Josef"]
[Result "0-1"]
[WhiteElo "2058"]
[BlackElo "1940"]
[PlyCount "46"]
[EventDate "2009.??.??"]
[EventType "corr"]
[EventRounds "1"]
[SourceDate "2010.08.23"]

1. e4 e5 2. Nf3 Nc6 3. Bb5 a6 4. Ba4 Nf6 5. O-O Be7 6. Re1 b5 7. Bb3 d6 8. c3
O-O 9. h3 h6 10. d4 Rb8 11. d5 Na5 12. Bc2 c6 13. dxc6 Nxc6 14. b3 Bb7 15. Nbd2
d5 16. Bb2 Qb6 17. exd5 Nxd5 18. c4 Ndb4 19. Nxe5 Bh4 20. g3 Bxg3 21. Ng4 f5
22. c5 Qxc5 23. Bxf5 Bxf2+ 0-1